| 000 | 00798nam a2200193 i 4500 | ||
|---|---|---|---|
| 001 | 46371 | ||
| 003 | ES-MaACL | ||
| 005 | 20250820063034.0 | ||
| 007 | t| | ||
| 008 | 030328s1910 sp ||||1| spa d | ||
| 100 | 1 |
_aComenge y Ferrer, Luis, _d1854-1916 _9126554 |
|
| 245 | 1 | 0 | _aTemas desarrollados por el doctor D. Luis Comenge en la Sección X del Primer Congreso Español Internacional de la Tuberculosis, celebrado en Barcelona del 10 al 22 de octubre de 1910. |
| 260 |
_aBarcelona : _b[s.n.], _c1910 ( _fTip. La Académica) |
||
| 300 |
_a24 p., [10] h. pleg. de gráf. ; _c25 cm. |
||
| 650 | 7 |
_aTuberculosis _2embne _917658 |
|
| 711 | 2 |
_aCongreso Español Internacional de la Tuberculosis ( _n1º. _d1910. _cBarcelona) _9364 |
|
| 852 |
_aES-MaACL _jT-1381-F-2 |
||
| 999 |
_c46371 _d46371 |
||